Statistiques concernant Discours sur la misère - Victor Hugo

Cliquez ici pour prendre le quiz!

Statistiques générales

  • Ce quiz a été pris 56 fois
  • Le résultat moyen est 485 sur 955

Statistiques - réponses

% Correct
a
95%
à
95%
Je
95%
je
95%
ne
95%
Et
90%
et
90%
ma
90%
pas
90%
que
90%
suis
90%
de
86%
est
86%
86%
la
86%
La
86%
le
86%
Le
86%
les
86%
Les
86%
misère
86%
qui
86%
son
86%
un
86%
une
86%
Vous
86%
vous
86%
au
81%
Ce
81%
ce
81%
mon
81%
Mon
81%
81%
sa
81%
se
81%
ceux
76%
des
76%
dis
76%
en
76%
En
76%
mais
76%
nous
76%
on
76%
pour
76%
car
71%
Ces
71%
ces
71%
elle
71%
Il
71%
il
71%
Ils
71%
sans
71%
tout
71%
comme
67%
du
67%
homme
67%
leur
67%
ses
67%
sur
67%
avec
62%
donc
62%
fait
62%
monde
62%
n’a
62%
qu’il
62%
tous
62%
dans
57%
enfants
57%
femmes
57%
mal
57%
si
57%
toute
57%
y
57%
aux
52%
Dieu
52%
dit
52%
être
52%
France
52%
hommes
52%
loi
52%
maladie
52%
moi
52%
n’est
52%
ont
52%
pensent
52%
peut
52%
qu’on
52%
bien
48%
cela
48%
c’est
48%
cette
48%
corps
48%
ici
48%
jour
48%
mangé
48%
mort
48%
Paris
48%
sont
48%
votre
48%
aller
43%
avez
43%
contre
43%
dire
43%
divine
43%
était
43%
faim
43%
grand
43%
humain
43%
parle
43%
pauvres
43%
plus
43%
rien
43%
toutes
43%
va
43%
croient
38%
gens
38%
grande
38%
jours
38%
maisons
38%
mot
38%
nos
38%
Oui
38%
pays
38%
quelque
38%
rues
38%
coeur
33%
Comment
33%
devoir
33%
doivent
33%
encore
33%
j’ai
33%
lèpre
33%
lois
33%
mère
33%
peuple
33%
quatre
33%
social
33%
souffrance
33%
supprimer
33%
affirment
29%
assemblée
29%
cesse
29%
détruire
29%
Détruire
29%
faut
29%
filles
29%
froid
29%
limiter
29%
l’on
29%
maintenant
29%
n’avez
29%
n’y
29%
seule
29%
six
29%
tant
29%
temps
29%
tristes
29%
vent
29%
vivons
29%
amoindrir
24%
après
24%
but
24%
chose
24%
choses
24%
conscience
24%
depuis
24%
diminuer
24%
doit
24%
entière
24%
fois
24%
garde
24%
lettre
24%
même
24%
Messieurs
24%
messieurs
24%
peuvent
24%
possible
24%
souffre
24%
travaillé
24%
trouvé
24%
villes
24%
vivent
24%
âme
19%
bons
19%
circonscrire
19%
civilisé
19%
d’autres
19%
disparaître
19%
disparu
19%
entières
19%
faites
19%
familles
19%
force
19%
gouvernants
19%
Irlande
19%
jeunes
19%
législateurs
19%
l’heure
19%
m’en
19%
meurt
19%
mois
19%
moyen-âge
19%
nationale
19%
n’avait
19%
partie
19%
passé
19%
qu’un
19%
rempli
19%
révolution
19%
savoir
19%
société
19%
songer
19%
telles
19%
tels
19%
vieux
19%
aide
14%
aucun
14%
choléra
14%
citer
14%
cloaques
14%
crimes
14%
dernier
14%
derniers
14%
disais
14%
faits
14%
faubourgs
14%
humaines
14%
jusqu’où
14%
l’âge
14%
l’homme
14%
m’adresse
14%
matière
14%
Montfaucon
14%
moral
14%
nourriture
14%
pareille
14%
pendant
14%
pensée
14%
plaies
14%
point
14%
pourquoi
14%
premier
14%
qu’une
14%
seulement
14%
soient
14%
viennent
14%
volonté
14%
voudrais
14%
vraie
14%
asile
10%
besoin
10%
campagnes
10%
cherchaient
10%
chiffons
10%
classes
10%
coin
10%
connais
10%
considérable
10%
continue
10%
débris
10%
devant
10%
d’une
10%
fatal
10%
guérir
10%
institutions
10%
légal
10%
l’esprit
10%
l’Etat
10%
l’hiver
10%
libérales
10%
lits
10%
marcher
10%
naguère
10%
n’épargne
10%
oeuvre
10%
pain
10%
politique
10%
professions
10%
publique
10%
recrudescence
10%
Remarquez-le
10%
sens
10%
s’il
10%
situation
10%
solidaire
10%
sollicitude
10%
sujet
10%
travaillent
10%
venez
10%
vivantes
10%
Voilà
10%
voilà
10%
voulez-vous
10%
Voulez-vous
10%
voyez
10%
abîmes
5%
aisément
5%
au-dessous
5%
auxiliaire
5%
base
5%
bornes
5%
charniers
5%
civilisation
5%
collaborateur
5%
complice
5%
concours
5%
conjure
5%
consolidé
5%
constaté
5%
couvertures
5%
créatures
5%
creuse
5%
décisif
5%
dépenser
5%
désespère
5%
destruction
5%
dévore
5%
douloureux
5%
d’y
5%
ébranlé
5%
échapper
5%
éclatassent
5%
Eh
5%
engagent
5%
enquête
5%
envers
5%
espèce
5%
évangéliques
5%
fange
5%
ferai
5%
fermentation
5%
forces
5%
formelle
5%
fraternelles
5%
fumier
5%
générosité
5%
gouvernement
5%
haute
5%
hésité
5%
honnêtes
5%
immondes
5%
importance
5%
infects
5%
intelligence
5%
j’aborde
5%
j’en
5%
j’insiste
5%
l’abolition
5%
laborieuses
5%
l’anarchie
5%
l’armée
5%
l’émeute
5%
lettres
5%
l’ordre
5%
l’usure
5%
magnifique
5%
majorité
5%
malheureux
5%
manuelles
5%
matériel
5%
méchant
5%
m’écoutent
5%
minorité
5%
monceaux
5%
n’ayant
5%
nécessaires
5%
n’eût
5%
n’hésite
5%
n’importe
5%
ouvre
5%
ouvriers
5%
paix
5%
parts
5%
paysans
5%
pêle-mêle
5%
pénétré
5%
pénétrer
5%
péril
5%
pestilentiels
5%
presque
5%
proposition
5%
question
5%
questions
5%
raffermi
5%
raffermir
5%
ramassés
5%
reculé
5%
réfléchir
5%
régulière
5%
répète
5%
révéler
5%
sagesse
5%
sauvé
5%
s’enfouissent
5%
sentiment
5%
sérieux
5%
solennelle
5%
sonde
5%
songez-y
5%
sortît
5%
souffrantes
5%
soulevait
5%
soumise
5%
souterrainement
5%
sublime
5%
ténèbres
5%
tenez
5%
terminant
5%
terminerai
5%
torts
5%
vêtements
5%
veut-on
5%
vif
5%
vives
5%
voici
5%
Voici
5%

Distribution des résultats

Percentile par nombre de réponses

% des personnes avec chaque résultat

Votre développement - résultats

Vous n’avez pas pris ce quiz